ポケモンのなまえ(第8世代) - Statistics

General Stats
  • This quiz has been taken 156 times
  • The average score is 50 of 96
Answer Stats
Answer % Correct
メッソン
92%
サルノリ
91%
ゴリランダー
91%
ヒバニー
91%
エースバーン
91%
インテレオン
91%
ザシアン
84%
ザマゼンタ
84%
バチンキー
83%
ラビフット
82%
ムゲンダイナ
82%
ジメレオン
79%
アーマーガア
76%
ココガラ
72%
ダクマ
71%
ウーラオス
71%
アオガラス
70%
バドレックス
66%
ウールー
64%
タチフサグマ
64%
ブリザポス
64%
レイスポス
64%
ホシガリス
63%
バイウールー
63%
ヨクバリス
62%
ジュラルドン
61%
レジエレキ
61%
レジドラゴ
61%
ワンパチ
59%
オーロンゲ
59%
サッチムシ
58%
セキタンザン
58%
マホイップ
58%
モルペコ
58%
イオルブ
57%
ドラメシヤ
57%
ドラパルト
57%
パルスワン
55%
ギモー
55%
レドームシ
54%
カムカメ
54%
カジリガメ
54%
ブリムオン
54%
トロッゴン
53%
ヤクデ
53%
マルヤクデ
53%
ドロンチ
53%
タンドン
51%
ミブリム
49%
テブリム
49%
ベロバー
49%
マホミル
47%
ウオノラゴン
47%
クスネ
46%
パッチルドン
45%
ウオチルドン
45%
フォクスライ
43%
スナヘビ
43%
サダイジャ
43%
ストリンダー
43%
ザルード
43%
ワタシラガ
42%
パッチラゴン
42%
ヒメンカ
41%
カジッチュ
41%
ユキハミ
41%
タルップル
39%
エレズン
39%
モスノウ
39%
ダイオウドウ
39%
アップリュー
38%
サシカマス
38%
ニャイキング
38%
イシヘンジン
38%
コオリッポ
38%
カマスジョー
37%
デスバーン
37%
タイレーツ
37%
ネギガナイト
36%
ゾウドウ
36%
オトスパス
34%
ウッウ
33%
ガチグマ
33%
ヤバチャ
32%
ポットデス
32%
バリコオル
32%
アヤシシ
32%
タタッコ
30%
サニゴーン
30%
オオニューラ
29%
バチンウニ
28%
イエッサン
28%
イダイトウ
28%
ハリーマン
25%
バサギリ
24%
ラブトロス
21%
No matching quizzes found
Score Distribution
Percent of People with Each Score
Percentile by Number Answered
Your Score History
You have not taken this quiz